LEADER 01238nam a2200289 i 4500 001 000000061802 003 CaOOAMICUS 005 20091204000000.0 008 091204s1963 it u000 u ita u 013 $a32974 040 $aSeMil$bita 100 1 $aGauthier, Paul.$0(OLS)http://semarc/name/20699 240 14$aLes pauvres, Jésus et l'Église.$0(OLS)http://semarc/title/97201 245 12$aI poveri, Gesù e la Chiesa /$cPaul Gauthier ; traduzione di Mario Apricò. 260 $aBrescia :$bQueriniana,$c1963. 300 $a151 p. ;$c21 cm. 490 0 $aNuova cristianità ;$v4 650 4$aChiesa e poveri.$0(OLS)http://semarc/subject/1343 650 4$aPovertà - Concezione cristiana.$0(OLS)http://semarc/subject/5389 650 4$aChiesa - Povertà.$0(OLS)http://semarc/subject/8017 700 1 $aApricò, Mario.$0(OLS)http://semarc/name/31395 830 0$aNuova cristianità ;$v4.$0(OLS)http://semarc/title/6390 850 $aSeMil 852 $aSeMil$W1$xVenegono$y1$m2B VI 233$j27955$B27955$CSeMilBibl$Z2$F27958 $81 961 $aOmaggio: Oggioni don Costantino 996 $6245$aI poveri, Gesù e la Chiesa$9(OLS)http://semarc/title/97200 996 $6260$aBrescia :$bQueriniana$9(OLS)http://semarc/publisher/29615 LEADER 01538nam a2200289 i 4500 001 000000043479 003 CaOOAMICUS 005 20090818000000.0 008 090818s1965 gw u000 u ger u 013 $a14649 040 $aSeMil$bita 100 1 $aLengsfeld, Peter.$0(OLS)http://semarc/name/21596 245 10$aAdam und Christus :$bdie Adam-Christus-Typologie im Neuen Testament und ihre dogmatische Verwendung bei M. J. Scheeben und K. Barth /$cPeter Lengsfeld. 260 $aEssen :$bLudgerus,$c1965. 300 $a256 p. ;$c21 cm. 490 0 $aKoinonia : Beiträge zur ökumenischen Spiritualität und Theologie ;$v9 600 14$aBarth, Karl <1886-1968>.$0(OLS)http://semarc/subject/5748 600 14$aScheeben, Matthias Joseph <1835-1888>.$0(OLS)http://semarc/subject/9238 650 4$aAdamo .$0(OLS)http://semarc/subject/4567 650 4$aPeccato originale.$0(OLS)http://semarc/subject/4565 650 4$aCristologia.$0(OLS)http://semarc/subject/173 650 4$aTeologia ecumenica.$0(OLS)http://semarc/subject/9287 830 0$aKoinonia : Beiträge zur ökumenischen Spiritualität und Theologie ;$v9.$0(OLS)http://semarc/title/29042 850 $aSeMil 852 $aSeMil$W1$xVenegono$y1$m2B II 306$j9634$B9634$CSeMilBibl$Z2$F9634 $81 996 $6245$aAdam und Christus :$bdie Adam-Christus-Typologie im Neuen Testament und ihre dogmatische Verwendung bei M. J. Scheeben und K. Barth$9(OLS)http://semarc/title/63904 996 $6260$aEssen :$bLudgerus$9(OLS)http://semarc/publisher/31921